Catalog

Record Details

Catalog Search



Dr. Martin Luther's small catechism  Cover Image Book Book

Dr. Martin Luther's small catechism / Martin Luther

Luther, Martin (Author).

Record details

  • Physical Description: 221 p.
  • Edition: 1st ed.
  • Publisher: Saint Louis, Missouri Concordia Publishing House 1943

Available copies

  • 1 of 1 copy available at Common Catalog SPOK.

Holds

  • 0 current holds with 1 total copy.
Show Only Available Copies
Location Call Number / Copy Notes Barcode Shelving Location Status Due Date
ETS Library 238.41 424470000998 Volný výběr Available -

LDR 00633nam a2 00229
00143611
003CZ-PrJAB
00520030307000000.0
008030307s1943 xxu e |||| |eng
009us
035 . ‡a(CONS)5680
035 . ‡aKPS1789
041 . ‡aeng
08214. ‡a238.41
100 . ‡7478 ‡aLuther, Martin
245 . ‡aDr. Martin Luther's small catechism / ‡cMartin Luther
250 . ‡a1st ed.
260 . ‡aSaint Louis, Missouri ‡bConcordia Publishing House ‡c1943
300 . ‡a221 p.
653 . ‡aDr. Martin Luther's small catechism
8524 . ‡bETS ‡bETS ‡cVolný výběr ‡j238.41 ‡gA ‡p424470000998
910 . ‡aABG450
999 . ‡a5680 ‡bAUTOGEN ‡c5680 ‡tbiblio
905 . ‡uadmin
901 . ‡a43611 ‡b ‡c43611 ‡tbiblio ‡sets

Additional Resources